000 00887nam a22002537a 4500
005 20170124103047.0
010 _aA-373315
020 _c35.00
035 _aA-373315
037 _bCen Lib/Ret
040 _aDPL
_bHN
082 _a
_bशरण
100 _aशरण
_969386
245 _aनवाब सरफ़राज़ /
_cशरण
246 _aNawab Sarfaraz /
_bby Sharan
260 _aदिल्ली
_bसाहित्य प्रचारक
_c1989
270 _a3011 बल्लीमारान
_bदिल्ली
_e110006
300 _a136पृ.
_c17सेमी(सजिल्द)
650 _aहिंदी साहित्य
_x
_z
_969387
650 _aहिंदी -- उपन्यास
_969388
650 _aHindi literature
_v
_969389
650 _aHindi -- fiction
_927248
942 _2ddc
_cHN
_h
_mशरण
999 _c116984
_d116984